000 01040cam a2200265 i 4500
005 20200104041556.0
008 961109s1996 it a r 00110 spa d
020 _a9253036648
040 _ala
_cla
_dCO-BoIAVH
041 0 _aspa
082 0 4 _a551.5
_bC56c
100 1 _aCiesla, William M.
245 1 0 _aCambio climático, bosques y ordenación forestal :
_buna vesrión de conjunto /
_cWilliam M. Ciesla.
260 _aRoma :
_bOrganización de las Naciones Unidas Para la Agricultura y la Alimentación,
_c1996.
300 _a146 páginas :
_bilustraciones ;
_c22 cm.
504 _aIncluye referencias bibliográficas e índice.
590 _aA la copia de la biblioteca le faltan las paginas 15-28.
650 1 4 _aBosques
_x Aspectos ambientales.
650 2 4 _aCambios climáticos.
650 2 4 _aClimatología.
650 2 4 _aEfecto invernadero.
710 2 _aOrganización de las Naciones Unidas para la Agricultura y la Alimentación.
942 _2ddc
_cLIBRO
949 _an
_bn
999 _c5050
_d5050